Click Fast to Empty the World Map - Statistics

General Stats
  • This quiz has been taken 3,578 times
  • The average score is 60 of 196
Answers on the Map
Answers color-coded by a green-red scale on the quiz's map according to % correct below.
 
Answer Stats
Answer % Correct
South Africa
39%
Denmark
37%
Pakistan
37%
Russia
37%
Sweden
37%
United Kingdom
37%
Algeria
36%
Australia
36%
Canada
36%
Greece
36%
Peru
36%
South Korea
36%
Spain
36%
United States
36%
Belgium
35%
Chile
35%
China
35%
Ethiopia
35%
France
35%
Germany
35%
India
35%
Ireland
35%
Italy
35%
Mexico
35%
Poland
35%
Portugal
35%
Saudi Arabia
35%
Sudan
35%
Turkey
35%
Vietnam
35%
Afghanistan
34%
Argentina
34%
Colombia
34%
Democratic Republic
of the Congo
34%
Egypt
34%
Finland
34%
Iceland
34%
Iran
34%
Iraq
34%
Japan
34%
Madagascar
34%
Mongolia
34%
Morocco
34%
Netherlands
34%
Nigeria
34%
North Macedonia
34%
Norway
34%
Romania
34%
Sri Lanka
34%
Switzerland
34%
Taiwan
34%
Ukraine
34%
Andorra
33%
Belarus
33%
Brazil
33%
Cuba
33%
Cyprus
33%
Czech Republic
33%
Estonia
33%
Hungary
33%
Indonesia
33%
Ivory Coast
33%
Kazakhstan
33%
Mali
33%
Malta
33%
Myanmar
33%
New Zealand
33%
Nicaragua
33%
North Korea
33%
Philippines
33%
Serbia
33%
Venezuela
33%
Bahamas
32%
Bangladesh
32%
Bosnia and
Herzegovina
32%
Bulgaria
32%
Cambodia
32%
Djibouti
32%
Dominican Republic
32%
Ecuador
32%
Israel
32%
Jordan
32%
Kenya
32%
Laos
32%
Libya
32%
Lithuania
32%
Mozambique
32%
Oman
32%
Panama
32%
Papua New Guinea
32%
Senegal
32%
South Sudan
32%
Syria
32%
Thailand
32%
Turkmenistan
32%
Uganda
32%
Vatican City
32%
Yemen
32%
Albania
31%
Austria
31%
Benin
31%
Cape Verde
31%
Chad
31%
Eritrea
31%
Ghana
31%
Guyana
31%
Haiti
31%
Latvia
31%
Lesotho
31%
Liechtenstein
31%
Luxembourg
31%
Malawi
31%
Malaysia
31%
Mauritania
31%
Moldova
31%
Monaco
31%
Nepal
31%
Qatar
31%
Rwanda
31%
Slovakia
31%
Tanzania
31%
Tunisia
31%
United Arab Emirates
31%
Uruguay
31%
Zimbabwe
31%
Angola
30%
Belize
30%
Botswana
30%
Burkina Faso
30%
Cameroon
30%
Costa Rica
30%
Croatia
30%
Central African
Republic
30%
East Timor
30%
Georgia
30%
Honduras
30%
Jamaica
30%
Kuwait
30%
Montenegro
30%
Niger
30%
Paraguay
30%
San Marino
30%
Sierra Leone
30%
Singapore
30%
Somalia
30%
Suriname
30%
Togo
30%
Azerbaijan
29%
Bahrain
29%
Bhutan
29%
Bolivia
29%
Guatemala
29%
Kyrgyzstan
29%
Namibia
29%
Slovenia
29%
Tajikistan
29%
Uzbekistan
29%
Zambia
29%
Armenia
28%
Burundi
28%
São Tomé and
Príncipe
28%
El Salvador
28%
Equatorial Guinea
28%
Eswatini
28%
Gambia
28%
Lebanon
28%
Maldives
28%
Seychelles
28%
Gabon
27%
Guinea-Bissau
27%
Kosovo
27%
Liberia
27%
Republic of the Congo
27%
Brunei
26%
Fiji
26%
Guinea
26%
Mauritius
26%
Kiribati
24%
Trinidad and Tobago
24%
Comoros
23%
Federated States of
Micronesia
23%
Samoa
23%
Solomon Islands
23%
Barbados
22%
Antigua and Barbuda
21%
Vanuatu
21%
Grenada
20%
Tuvalu
20%
Dominica
19%
Marshall Islands
19%
Nauru
19%
Saint Kitts and Nevis
18%
Saint Lucia
18%
Saint Vincent and the
Grenadines
18%
Tonga
18%
Palau
17%
No matching quizzes found
Score Distribution
Percent of People with Each Score
Percentile by Number Answered
Your Score History
You have not taken this quiz